| 000 | 01362nam1a2200289 i 4500 | ||
|---|---|---|---|
| 001 | RU\NLR\bibl\1770803 | ||
| 005 | 20241102175949.0 | ||
| 035 | _a(NLR Aleph) 001761586 | ||
| 090 |
_a1581720 _c1581720 |
||
| 100 | _a20110519g20109999u y0rusy50 ca | ||
| 101 | 0 | _arus | |
| 102 | _aRU | ||
| 105 | _a||||z ||||| | ||
| 200 | 1 |
_aАктивизация жизненного самоопределения учащихся в общеобразовательной школе _eсборник материалов по обмену педагогическим опытом _fЕ.С. Туренская, Р.П. Кондратова _gМ-во образования Ставроп. края, Ставроп. краев. ин-т повышения квалификации работников образования, Сев.-Кавказ. соц. ин-т |
|
| 210 |
_aСтаврополь _cСервисшкола _d2010 |
||
| 215 | _d20 | ||
| 463 | 0 | _10011660027 | |
| 606 |
_aШкольники _jСборники _xСамоопределение _91555624 _3RU\NLR\auth\66980491 |
||
| 686 | _aЧ421.328я43 | ||
| 686 | _aС550.55я43 | ||
| 700 | 1 |
_aТуренская _bЕ. С. _4070 |
|
| 701 | 1 |
_aКондратова _bР. П. _4070 |
|
| 801 | 0 |
_aRU _bNLR _c20110519 _gRCR |
|
| 801 | 1 |
_aRU _bNLR _c20110519 |
|
| 852 |
_aNLR _j2010-4/10079 |
||
| 942 | _cBOOK | ||